Aktívne opatrenia na podporu flexibility trhu práce v SR

Nízka pracovná mobilita slovenského pracovného trhu. Negatíva, ktoré spôsobujú rigiditu slovenského trhu práce. Opatrenia prijaté vládou SR na podporu pracovnej mobility. Podpora štrukturálnej mobility. Opatrenia na podporu územnej mobility

Uložené v:
Podrobná bibliografia
Hlavný autor: Brinčíková, Zuzana, 1979-
Médium: Kapitola
Jazyk:Slovak
Predmet:
Tagy: Pridať tag
Žiadne tagy, Buďte prvý, kto otaguje tento záznam!

MARC

LEADER 00000nla$a2200000$$$4500
001 0090082
005 20240502072015.3
041 0 |a slo 
044 |a SK 
245 1 0 |a Aktívne opatrenia na podporu flexibility trhu práce v SR  |c Zuzana Brinčíková 
520 |a Nízka pracovná mobilita slovenského pracovného trhu. Negatíva, ktoré spôsobujú rigiditu slovenského trhu práce. Opatrenia prijaté vládou SR na podporu pracovnej mobility. Podpora štrukturálnej mobility. Opatrenia na podporu územnej mobility 
610 2 0 |a trh práce 
610 2 0 |a zamestnanosť 
610 2 0 |a pohyb síl pracovných 
610 2 0 |a flexibilita 
610 2 0 |a regióny 
610 2 0 |a opatrenia 
610 2 0 |a štát 
610 2 0 |a podpory 
610 2 0 |a legislatíva 
610 2 0 |a Slovensko 
100 1 |a Brinčíková, Zuzana, 1979-